000 00686nas a2200241 4500
001 BR8807545
003 BR-BrBNA
005 20231205091413.0
007 ta
008 230509b bl.|||p| |||| 00| 00por d
040 _aBR-BrBNA
_bpor
_cBiblioteca Nacional de Agricultura
041 _a(Pt)
072 _aL72; P73
100 1 _aFenerich, F.L.
245 1 _aGastrenterite parasitaria dos ruminantes
650 _aGASTRENTERITE
650 _aPROFILAXIA
650 _aPARASITO DE ANIMAL
650 _aRUMINANTE
773 0 _tGado Holandes (Brazil)
_xISSN 0005-4275
_g(Mar 1988), v. 53(148) p.17-18
_wBR8807545
909 _a202311
_bLúcia
_c55
_dLúcia Elande
942 _2AGRIS
_n0
_cANA
999 _c124857
_d124857